Reichste fiktive Charaktere - Statistiken

Allgemein
  • Dieses Quiz wurde 65 mal gespielt
  • Das Durchschnittsergebnis liegt bei 4 aus 15
Antwortstatistiken
Hinweis Charakter % Korrekt
Lebt alleine zusammen mit seinem Geld, trägt Gamaschen Dagobert Duck
92%
Besitzer eines Atomkraftwerks C. Montgomery Burns
56%
Schwarzer Superheld mit tiefer Stimme Bruce Wayne
51%
Adlige Archäologin auf gefährlichen Expeditionen Lara Croft
41%
„Genie, Milliardär, Playboy, Philanthrop“, nutzt fortschrittliche KI Tony Stark
41%
Monarch eines technologisch hochentwickelten Königreichs, welches lange verborgen lag König T´Challa
39%
Dieser Charakter lebt alleine in einem Berg und der letzte seiner Art Smaug
25%
Feldherr und Familienoberhaupt eines mächtigen Adelsgeschlecht, Wappen: Löwe Tywin Lannister
15%
Vampir und Arzt Carlisle Cullen
14%
Junge, welcher das Milliardenunternehmen seiner Eltern erbt Richie Rich
14%
Nr 1 auf FBI Fahndungsliste Raymond Reddington
12%
Einflussreicher Zeitungsverleger, der ein Medienimperium aufbaut Charles Foster Kane
5%
Reicher Geschäftsmann mit Hang zu Kontrolle und Luxus Christian Grey
5%
Crawley-Erbin, die das Familienanwesen mitgestaltet“ Lady Mary Crawley
3%
hat eine Internetseite an Microsoft verkauft Walden Schmidt
3%
Keine übereinstimmenden Quizze gefunden
Verteilung der Resultate
Anzahl Personen mit jedem Resultat
Perzentil nach korrekt beantworteten Fragen
Ihre Resultats-Entwicklung
Sie haben dieses Quiz noch nicht gespielt